00468nam a2200121Ia 4500008004100000041001200041082002000053100004800073245013400121260005200255300001200307650002700319231217s9999 xx 000 0 und d aEnglish a658.8 SHA;1 R aShainesh, G. Citrin, Alka. Malhotra, Naresh 0aInternational conference : marketing of technology oriented products and services in the global enviornment, December 27-28, 2002 c2002bIndian Institute of ManagementaBangalore avii+362 aconference,:,marketing